000
00224nam a22001097a 4500
100
_a
Pirsiq, Robert
245
_a
Lila An Inquiry into Moral's
250
_a
1975
260
_b
Corgi books
300
_a
475
942
_2
ddc
_c
BK
999
_c
11695
_d
11695